00000000nam##2200000za#4500
0019.641857
003CaOODSP
00520210624223423
007cr |||||||||||
008150407|2000||||xxc|||||o    f|0| 0 fre|d
040 |aCaOODSP|bfre
043 |an-cn---
0861 |aRH64-50/2000F-PDF
1101 |aCanada.|bDéveloppement des ressources humaines Canada. |bPolitique stratégique.
24510|aLes répercussions de l'assurance-emploi sur les personnes qui deviennent ou redeviennent membres de la population active : |h[ressource électronique]|brapport final / |cpar Shelley Phipps et Fiona MacPhail.
260 |aOttawa - Ontario : |bDéveloppement des ressources humaines Canada. |cNovembre 2000.
300 |a48p.|btableaux
504 |aBibliographie.
590 |a13-12-Supp|b2013-05-10
69107|aAssurance-emploi|2gcpds
77508|tThe impact of employment insurance on new-entrants and re-entrant workers : |w(CaOODSP)9.697851
85640|ahttp://publications.gc.ca|qPDF|s100 Ko|uhttps://publications.gc.ca/collections/collection_2013/rhdcc-hrsdc/RH64-50-2000-fra.pdf
986 |aSP-AH135-11-00F